• 首页
  • 本馆介绍
  • 公告通知
  • 最新文献
  • 馆藏检索
  • 电子资源
  • 读者导购
  • 参考咨询
  • 我的图书馆
  • 登录
  • 详细信息显示
  • 放入我的书架
  • 预约/预借图书
  • 作者相关作品
  • 分类相关作品
  • 丛书相关作品
  • 出版社相关作品

书目信息

  • 表格格式
  • 工作单格式
  • 卡片格式
题名:
陶行知全集
    
 
作者: 陶行知 著 ;华中师范学院教育科学所 编
分册: 第五卷   书信
出版信息: 长沙   湖南教育出版社  1985
页数: 965页
开本: 20cm
丛书名:
单 册:
中图分类: G40-52
科图分类:
主题词: 教育学--全集
电子资源:
ISBN:
000 00773nam0 2200253 45
001 0185003346
005 20050405172525.9
010    @b精装@dCNY7.75
091    @a7284.522
100    @a19900816d1985 kemy0chiy0121 ea
101 0  @achi
102    @aCN@b430000
105    @af z 000yy
200 10 @a陶行知全集@Atao xing zhi quan ji@h第五卷@i书信@f陶行知著@FTao Xing ZhiZhu@g华中师范学院教育科学所编
210    @a长沙@c湖南教育出版社@d1985
215    @a965页@c照片@d20cm
517    @a书信@AShu Xin
606    @a教育学@x全集
690    @aG40-52@v3
701  0 @a陶行知@4著
712 02 @a华中师范学院教育科学所@Ahua zhong shi fan xue yuan jiao yu ke xue suo@4编
801  0 @aCN@b深圳图书馆@c20040428
801  2 @aCN@bNLC@c20040428
905    @dG40-52@e94:5@f1@b170216
    
    陶行知全集.第五卷.书信/陶行知著/华中师范学院教育科学所编.-长沙:湖南教育出版社,1985
    965页:照片;20cm
    
    
    ISBN (精装):CNY7.75
    
●
相关链接 在E读中查询图书 在五车中查询图书 在当当中查询图书 在豆瓣中查询图书


正题名:陶行知全集     索取号:G40-52/94:5         预约/预借

序号 登录号 条形码 馆藏地/架位号 状态 备注
1 0170216   001998048   第四借阅区/ [索取号:G40-52/94:5] 在馆    
2 0170217   000284276   第四借阅区/ [索取号:G40-52/94:5] 在馆    
3 0170218   000284285   第一样本阅览室/ [索取号:G40-52/94:5] 在馆    
唐山师范学院图书馆 欢迎您!
大连网信软件有限公司© 版权所有